000 00567nam a2200181Ia 4500
005 20250508155243.0
008 008 250505s9999 xx 000 0 eng d
037 _aTextual
040 _aFEDL
_beng
_cFEDL
041 _aeng
_2eng
084 _a313.37, JAP
_qFEDL
245 0 _aDemand and supply for graduates from secondary schools and Universities Japan
245 0 _cGovernment of Japan. Research Section, Research Bureau Ministry of Education
260 _c1961
300 _a69p.
942 _cTEXL
_h313.37, JAP
999 _c1355529
_d1355529